000 01052cad a22002055a 4500
001 L159974
008 120803s2012 xxk 000 0 eng d
035 _a(Sirsi) u156974
041 0 _aeng
110 2 _aLondon Chamber of Commerce and Industry
_93039
245 0 0 _aChanging the way we work
_bthe role teleworking can play in how, when and where we work - July 2012
260 _aLondon
_bLCCI
_bHarvey Nash
_c2012
520 _aResearch from recruitment specialists Harvey Nash and the London Chamber of Commerce and Industry shows that around 80% of London businesses offer their employees teleworking options, saving the firms annual costs of £3 000 to £100 000. The report also gives advice on the benefits of teleworking, teleworking best practice and the importance of the right company culture.
590 _aKA NTK
651 4 _aLondon
690 _aBusiness and management
710 _aHarvey Nash Group
_96103
856 4 0 _uhttps://www.londonchamber.co.uk/docimages/10525.pdf
_zView the report at www.londonchamber.co.uk
942 _n0
999 _c84216
_d84216